Applied geography (Record no. 412336)

000 -LEADER
fixed length control field 00354cam a22001217a 4500
008 - FIXED-LENGTH DATA ELEMENTS--GENERAL INFORMATION
fixed length control field 180718b1966 xxu||||| |||| 00| 0 eng d
082 ## - DEWEY DECIMAL CLASSIFICATION NUMBER
Classification number T19 si64
100 ## - MAIN ENTRY--PERSONAL NAME
Personal name Singh,R.L.
245 ## - TITLE STATEMENT
Title Applied geography
Statement of responsibility, etc. Edited by R.L. Singh
260 ## - PUBLICATION, DISTRIBUTION, ETC.
Place of publication, distribution, etc. Varanasi
Name of publisher, distributor, etc. National geographical society of India
Date of publication, distribution, etc. 1966
300 ## - PHYSICAL DESCRIPTION
Extent xi, 280p
650 ## - SUBJECT ADDED ENTRY--TOPICAL TERM
Topical term or geographic name entry element Geography -- Periodicals
Holdings
Withdrawn status Lost status Damaged status Not for loan Permanent Location Current Location Date acquired Full call number Barcode Date last seen Price effective from Koha item type
        Indian Institute of Public Administration Indian Institute of Public Administration 2009-02-05 T19 si64 DA4131 2018-07-21 2018-07-21 DA

Powered by Koha